000 00581nam a2200229Ia 4500
003 OSt
005 20220918193013.0
006 a|||||r|||| 00| 0
007 ta
008 220917b |||||||| |||| 00| 0 eng d
024 _a71,471
037 _cTextual
040 _aARTS
_cARTS
_beng
041 _2eng
_aeng
082 _aR3xM891, N5
100 _aHodge Joanna
_980833
245 0 _aHeidegger and ethics
260 _aLondon
_bRoutledge
_c1995
300 _ax, 224p.
_ccm.
942 _hR3xM891, N5
_cTEXL
_2CC
999 _c197544
_d197544